000 00752nam a2200253 a 4500
999 _c518
_d518
008 190909s2001 ii ||||g |||| 00| 0aeng d
020 _a9780141007212
_cRs 299.00
040 _aKO
_beng
041 0 _aeng
044 _aii
082 _223
_a940.5318092
_bF8511
100 1 _aFrank, Anne
245 _aThe Diary of a Young Girl /
_cEdited by Otto H. Frank and Mirjam Pressler
260 _aNew Delhi :
_bPenguin Books India Pvt. Ltd. ,
_c2001
300 _a426 p. ;
_c20 cm.
600 _a Frank, Anne
650 0 _aWorld War, 1939-1945
_vDiaries
650 0 _aPersonal narratives, Jewish
_zNetherlands -- Amsterdam
700 _aFrank, Otto H.
_eedt
700 _aPressler, Mirjam
_eedt
904 _aA_BOSE
942 _2ddc
_cBK